00293nam a2200133Ia 4500008004100000020001500041041001200056082001600068100000900084245002600093260002500119300000800144650000700152221030s9999 xx 000 0 und d a0074515500 aEnglish a105.23bBhe aBhel 0aTransformerscby Bhel bTMHaNew Delhic1998 a460 aEE